Making taxes work for the environment = Φορολογία για το περιβάλλον : international meeting on Environmental Fiscal Reform, Athens 8-10 November 2002

Αποθηκεύτηκε σε:
Λεπτομέρειες βιβλιογραφικής εγγραφής
Συγγραφή απο Οργανισμό/Αρχή: Ελληνική Εταιρεία για την Προστασία του Περιβάλλοντος και της Πολιτιστικής Κληρονομιάς
Μορφή: Βιβλίο
Γλώσσα:Greek
English
Δημοσίευση: Αθήνα : Λιβάνης, 2003.
Σειρά:Οικολογία
Θέματα:
Ετικέτες: Προσθήκη ετικέτας
Δεν υπάρχουν, Καταχωρήστε ετικέτα πρώτοι!

MARC

LEADER 00000cam a2200000 i 4500
001 1/97788
008 081120s2003 gr | ||| |||| ||gre||
020 |a 9601407510 
035 |l 10101850 
040 |a GR-MyUa  |b gre  |e AACR2 
041 0 |a gre  |a eng 
082 7 |a 363.7   |2 (22) 
110 2 |a Ελληνική Εταιρεία για την Προστασία του Περιβάλλοντος και της Πολιτιστικής Κληρονομιάς. 
245 1 0 |a Making taxes work for the environment =   |b Φορολογία για το περιβάλλον : international meeting on Environmental Fiscal Reform, Athens 8-10 November 2002 /   |c Elliniki Etairia For the Protection of the Environment and the Cultural Heritage. 
260 |a Αθήνα :   |b Λιβάνης,   |c 2003. 
300 |a 207 σ. ;   |c 24 εκ. 
490 1 |a (Οικολογία) 
650 0 |a Taxation  |x Environmental aspects. 
650 0 |a Environmental impact charges  |x Congresses. 
650 0 |a Fiscal policy  |x Public finance  |z Greece. 
650 0 |a Sustainable development  |x Congresses. 
830 0 |a Οικολογία 
852 |a INST  |b RHODES  |e 20081120  |h 363.7 ΕΛΛ  |p 005400031303  |q 005400031303  |t BK  |y 0 
901 |a BIBL4-2008-3 
970 |a ΚΟΖΑ  |b ΜΑΡΙΑ  |z 2008/11/20